Mass media IV : (Record no. 1356)
[ view plain ]
| 000 -LEADER | |
|---|---|
| fixed length control field | nam a22 7a 4500 |
| 005 - DATE AND TIME OF LATEST TRANSACTION | |
| control field | 20170509114103.0 |
| 008 - FIXED-LENGTH DATA ELEMENTS--GENERAL INFORMATION | |
| fixed length control field | 170509b1974 ny ||||| |||| 00| 0 eng d |
| 020 ## - INTERNATIONAL STANDARD BOOK NUMBER | |
| International Standard Book Number | 0582285356 |
| 040 ## - CATALOGING SOURCE | |
| Original cataloging agency | AKMAL |
| 082 ## - DEWEY DECIMAL CLASSIFICATION NUMBER | |
| Classification number | 302.213 HIE |
| 090 ## - LOCALLY ASSIGNED LC-TYPE CALL NUMBER (OCLC); LOCAL CALL NUMBER (RLIN) | |
| Classification number (OCLC) (R) ; Classification number, CALL (RLIN) (NR) | 302.213 |
| Local cutter number (OCLC) ; Book number/undivided call number, CALL (RLIN) | HIE |
| 100 1# - MAIN ENTRY--PERSONAL NAME | |
| Personal name | Hiebert, Ray Eldon |
| 9 (RLIN) | 2659 |
| 245 10 - TITLE STATEMENT | |
| Title | Mass media IV : |
| Remainder of title | an introduction to modern communication / |
| Statement of responsibility, etc. | Ray Eldon Hiebert, Donald F. Ungurait, Thomas W. Bohn |
| 260 ## - PUBLICATION, DISTRIBUTION, ETC. | |
| Place of publication, distribution, etc. | New York ; |
| -- | London : |
| Name of publisher, distributor, etc. | Longman, |
| Date of publication, distribution, etc. | c1985 |
| 300 ## - PHYSICAL DESCRIPTION | |
| Extent | xv,687p. : |
| Other physical details | ill., facsims.,ports. ; |
| Dimensions | 24cm |
| 500 ## - GENERAL NOTE | |
| General note | Bibliography: p668-680. _ Includes index |
| 650 #0 - SUBJECT ADDED ENTRY--TOPICAL TERM | |
| Topical term or geographic name entry element | Mass media |
| 9 (RLIN) | 2649 |
| 650 #0 - SUBJECT ADDED ENTRY--TOPICAL TERM | |
| Topical term or geographic name entry element | Communication |
| 9 (RLIN) | 486 |
| 700 ## - ADDED ENTRY--PERSONAL NAME | |
| Personal name | Ungurait, Donald F |
| 9 (RLIN) | 2660 |
| 700 ## - ADDED ENTRY--PERSONAL NAME | |
| Personal name | Bohn, Thomas W |
| 9 (RLIN) | 2661 |
| 942 ## - ADDED ENTRY ELEMENTS (KOHA) | |
| Source of classification or shelving scheme | |
| Koha item type | Book |
| Withdrawn status | Lost status | Source of classification or shelving scheme | Damaged status | Not for loan | Collection code | Home library | Current library | Shelving location | Date acquired | Inventory number | Total Checkouts | Full call number | Barcode | Date last seen | Price effective from | Koha item type |
|---|---|---|---|---|---|---|---|---|---|---|---|---|---|---|---|---|
| NON-FICTION | AKMAL Melaka | AKMAL Melaka | PINJAMAN | 09.05.2017 | 301444 | 302.213 HIE | 201702659 | 09.05.2017 | 09.05.2017 | Book |
